000 00797nam a2200265Ia 4500
003 GCL
008 140319s9999 xx 000 0 ara d
040 _aGCL /
_cGCL
082 0 4 _a320.962
_bج ا
100 1 _aجلال الدين الحمامصى
245 1 0 _aاسوار حول الحوار /
_cجلال الدين الحمامصى
260 _a[S.N] :
_bالمكتب المصرى الحديث ،
_c1984
300 _a318
490 _a
650 0 4 _aالعصر الحديث
650 0 4 _aمصر
650 0 4 _aتاريخ
650 0 4 _aالاحوال السياسية
650 0 4 _aالصحافة
650 0 4 _aثورة 23 يوليو 1952
650 0 4 _aحرية الصحافة
650 0 4 _aالعصر الحجرى
650 0 4 _aجمال عبدالناصر
942 _2ddc
_cBK
999 _c34962
_d34962